[Event "Bodensee-Cup"]
[Site "Kreuzlingen"]
[Date "2005.04.29"]
[Round "1.12"]
[White "Rodic, Donjan"]
[Black "Lauer, Moritz"]
[Result "1-0"]
[WhiteElo "2137"]
[BlackElo "2237"]
[PlyCount "95"]
[EventDate "2005.??.??"]
[EventType "team"]
[EventRounds "3"]
[EventCategory "1"]
[WhiteTeam "Schweiz"]
[BlackTeam "Bayern"]

1. d4 Nf6 2. c4 e5 3. dxe5 Ne4 4. Nf3 Nc6 5. Qc2 Bb4+ 6. Nbd2 Nxd2 7. Bxd2 Qe7
8. O-O-O Bxd2+ 9. Rxd2 Nxe5 10. Nxe5 Qxe5 11. g3 O-O 12. Bg2 d6 13. Be4 f5 14.
Bd5+ Kh8 15. h4 Rb8 16. e3 b5 17. c5 Bd7 18. cxd6 cxd6 19. Kb1 Rfc8 20. Qd3 b4
21. Qd4 Rc5 22. Rc1 Qe7 23. Bf3 Rxc1+ 24. Kxc1 Rb6 25. Rc2 Be6 26. Bd5 h6 27.
Bxe6 Qxe6 28. Rc7 Qe5 29. Qxe5 dxe5 30. Rxa7 f4 31. exf4 exf4 32. Rf7 fxg3 33.
fxg3 Kg8 34. Rf3 g6 35. Kc2 Re6 36. Kb3 Re2 37. a3 bxa3 38. Kxa3 g5 39. hxg5
hxg5 40. b4 g4 41. Rd3 Kf7 42. Kb3 Ke6 43. Kc4 Kf5 44. b5 Ke4 45. b6 Rb2 46.
Rb3 Rc2+ 47. Kb5 Kd5 48. b7 1-0

[Event "Bodensee-Cup"]
[Site "Kreuzlingen"]
[Date "2005.04.30"]
[Round "2.1"]
[White "Jenni, Florian"]
[Black "Keitlinghaus, Ludger"]
[Result "1/2-1/2"]
[WhiteElo "2496"]
[BlackElo "2493"]
[PlyCount "59"]
[EventDate "2005.??.??"]
[EventType "team"]
[EventRounds "3"]
[EventCategory "1"]
[WhiteTeam "Schweiz"]
[BlackTeam "Baden"]

1. e4 e5 2. Nf3 Nc6 3. Bb5 a6 4. Ba4 Nf6 5. O-O Be7 6. Bxc6 dxc6 7. Qe2 c5 8.
b4 cxb4 9. Bb2 Bg4 10. Bxe5 O-O 11. Bb2 Nd7 12. h3 Bh5 13. d3 Re8 14. Nbd2 Bf8
15. g4 Bg6 16. Nd4 c5 17. Nf5 Bxf5 18. gxf5 Qg5+ 19. Kh1 Qxf5 20. Qe3 Qe6 21.
f4 f5 22. Rg1 g6 23. Qf3 Bh6 24. Raf1 Rf8 25. Qg3 fxe4 26. Nxe4 Rxf4 27. Rxf4
Bxf4 28. Qxf4 Qxh3+ 29. Qh2 Qf3+ 30. Qg2 1/2-1/2

[Event "Bodensee-Cup"]
[Site "Kreuzlingen"]
[Date "2005.04.30"]
[Round "2.2"]
[White "Miltner, Arndt"]
[Black "Züger, Beat"]
[Result "1-0"]
[WhiteElo "2392"]
[BlackElo "2420"]
[PlyCount "78"]
[EventDate "2005.??.??"]
[EventType "team"]
[EventRounds "3"]
[EventCategory "1"]
[WhiteTeam "Baden"]
[BlackTeam "Schweiz"]

1. Nf3 Nf6 2. c3 g6 3. d4 Bg7 4. Bf4 d6 5. h3 O-O 6. e3 c5 7. dxc5 dxc5 8. Nbd2
Be6 9. Bc4 Qb6 10. Qb3 Bxc4 11. Nxc4 Qa6 12. a4 b6 13. O-O Nc6 14. Rfd1 Rad8
15. Qb5 Qb7 16. a5 Nd5 17. axb6 axb6 18. Bg3 Na7 19. Qa6 Qxa6 20. Rxa6 Nc8 21.
Rd2 b5 22. Na5 Ndb6 23. Rxd8 Rxd8 24. Bc7 Rd1+ 25. Kh2 Ra1 26. Nd2 c4 27. Bxb6
Nxb6 28. Rxb6 Rxa5 29. Rb8+ Bf8 30. Nb1 e6 31. Na3 Kg7 32. Rxb5 Ra4 33. Nb1 h5
34. h4 Kf6 35. Nd2 Bd6+ 36. g3 Ke7 37. Rb7+ Ke8 38. Kg2 Be5 39. Ne4 Ra5 1-0

[Event "Bodensee-Cup"]
[Site "Kreuzlingen"]
[Date "2005.04.30"]
[Round "2.3"]
[White "Moor, Olivier"]
[Black "Boguslavskyy, Oleg"]
[Result "1/2-1/2"]
[WhiteElo "2387"]
[BlackElo "2384"]
[PlyCount "59"]
[EventDate "2005.??.??"]
[EventType "team"]
[EventRounds "3"]
[EventCategory "1"]
[WhiteTeam "Schweiz"]
[BlackTeam "Baden"]

1. d4 d5 2. c4 c6 3. Nf3 Nf6 4. Nc3 dxc4 5. a4 Bf5 6. Ne5 Nbd7 7. Nxc4 Qc7 8.
Qd2 e6 9. Qf4 Qxf4 10. Bxf4 Nb6 11. Nd6+ Bxd6 12. Bxd6 Nbd5 13. f3 O-O-O 14.
Be5 Nb4 15. Kf2 Ne8 16. e4 f6 17. Bf4 Bg6 18. Rd1 Nc7 19. Rc1 Rd7 20. Be2 a5
21. Rhd1 Rhd8 22. Ke3 b6 23. Kf2 Kb7 24. Be3 Bf7 25. h4 h6 26. g3 Bg8 27. Bf1
Bf7 28. Be2 Bg8 29. Bf1 Bf7 30. Be2 1/2-1/2

[Event "Bodensee-Cup"]
[Site "Kreuzlingen"]
[Date "2005.04.30"]
[Round "2.4"]
[White "Weindl, Alfred"]
[Black "Ballmann, Martin"]
[Result "1/2-1/2"]
[WhiteElo "2342"]
[BlackElo "2410"]
[PlyCount "68"]
[EventDate "2005.??.??"]
[EventType "team"]
[EventRounds "3"]
[EventCategory "1"]
[WhiteTeam "Baden"]
[BlackTeam "Schweiz"]

1. d4 Nf6 2. Bg5 e6 3. e4 h6 4. Bxf6 Qxf6 5. Qd2 b6 6. Nc3 Bb7 7. f3 Qg5 8. f4
Qg6 9. Bd3 Bb4 10. Nge2 Nc6 11. O-O-O O-O-O 12. g3 f5 13. Qe3 Ne7 14. a3 Bxc3
15. Nxc3 Qf6 16. Rhf1 g5 17. exf5 Nxf5 18. Bxf5 Qxf5 19. fxg5 Qxg5 20. Rf4 h5
21. Ne4 Qh6 22. Re1 Rhf8 23. Rxf8 Qxe3+ 24. Rxe3 Rxf8 25. Kd2 h4 26. Re2 hxg3
27. hxg3 Rf3 28. g4 Bc6 29. g5 Rf4 30. Nf6 Rxd4+ 31. Ke3 Rd1 32. Kf2 Rd4 33.
Kg3 Rd1 34. Kf2 Rd4 1/2-1/2

[Event "Bodensee-Cup"]
[Site "Kreuzlingen"]
[Date "2005.04.30"]
[Round "2.5"]
[White "Moor, Roger"]
[Black "Raupp, Thomas"]
[Result "0-1"]
[WhiteElo "2399"]
[BlackElo "2350"]
[PlyCount "113"]
[EventDate "2005.??.??"]
[EventType "team"]
[EventRounds "3"]
[EventCategory "1"]
[WhiteTeam "Schweiz"]
[BlackTeam "Baden"]

1. Nf3 d5 2. g3 Bg4 3. Bg2 Nd7 4. c4 e6 5. cxd5 exd5 6. O-O Ngf6 7. Nc3 c6 8.
d3 Be7 9. h3 Bxf3 10. Bxf3 O-O 11. e4 dxe4 12. dxe4 Nc5 13. Be3 Qxd1 14. Rfxd1
Rfd8 15. b4 Nd3 16. a3 Ne8 17. Rab1 Nc7 18. Be2 Ne5 19. Rxd8+ Rxd8 20. Bxa7 Ra8
21. Bb6 Ne6 22. a4 Nd7 23. Be3 Bf6 24. Bd2 Bxc3 25. Bxc3 Rxa4 26. Rd1 Ndf8 27.
f4 Ra3 28. Be1 g6 29. Kf2 Rb3 30. Bc4 Rb2+ 31. Ke3 b5 32. Bd3 Rb3 33. Rc1 Nd8
34. f5 Nd7 35. Kd4 Kf8 36. Bc2 Ra3 37. Bd3 f6 38. Bc3 Ke7 39. Ra1 Rxa1 40. Bxa1
g5 41. Ke3 Nf7 42. Bc2 Nfe5 43. Bb3 Kd6 44. Be6 Ke7 45. Bg8 h6 46. Bc3 Kd6 47.
Be6 Nf8 48. Bb3 Nfd7 49. Bd4 Ke7 50. h4 Kd6 51. Be6 Ng4+ 52. Kf3 Nge5+ 53. Kg2
c5 54. bxc5+ Nxc5 55. Bd5 b4 56. Kf2 Ncd7 57. Ke2 0-1

[Event "Bodensee-Cup"]
[Site "Kreuzlingen"]
[Date "2005.04.30"]
[Round "2.6"]
[White "Bogner, Sebastian"]
[Black "Hochstrasser, Michael"]
[Result "0-1"]
[WhiteElo "2409"]
[BlackElo "2365"]
[PlyCount "104"]
[EventDate "2005.??.??"]
[EventType "team"]
[EventRounds "3"]
[EventCategory "1"]
[WhiteTeam "Baden"]
[BlackTeam "Schweiz"]

1. e4 e6 2. d4 d5 3. Nc3 Bb4 4. e5 c5 5. a3 Bxc3+ 6. bxc3 Ne7 7. h4 Qa5 8. Bd2
Nbc6 9. h5 h6 10. Nf3 Bd7 11. Rb1 Qc7 12. Rh4 O-O-O 13. dxc5 Nxe5 14. Rhb4
Nxf3+ 15. Qxf3 Qe5+ 16. Be2 Bc6 17. Qxf7 Rhe8 18. Kf1 Qh2 19. f3 d4 20. Bc4 Rf8
21. Qxe6+ Kb8 22. Be2 Ka8 23. Qxe7 Rfe8 24. Qf7 Qh1+ 25. Kf2 Rxe2+ 26. Kxe2
Qxg2+ 27. Kd3 dxc3+ 28. Kxc3 Qxd2+ 29. Kb2 a5 30. Rg4 Rd5 31. Qxg7 Rxh5 32. Qc7
Rxc5 33. Rg8+ Ka7 34. Qb8+ Ka6 35. Qa8+ Kb6 36. Ka1+ Rb5 37. Rxb5+ Kxb5 38. a4+
Kxa4 39. Rg4+ Kb5 40. c4+ Ka4 41. Qa7 Bxf3 42. Rd4 Qc3+ 43. Kb1 Be4+ 44. Rxe4
Qd3+ 45. Kb2 Qxe4 46. Qc5 Qe2+ 47. Kc3 Qe1+ 48. Kd3 Qb1+ 49. Ke2 Qb4 50. Qd5
Ka3 51. c5 Qb2+ 52. Kf1 Qb1+ 0-1

[Event "Bodensee-Cup"]
[Site "Kreuzlingen"]
[Date "2005.04.30"]
[Round "2.7"]
[White "Lötscher, Roland"]
[Black "Schwalfenberg, Jörg"]
[Result "1/2-1/2"]
[WhiteElo "2354"]
[BlackElo "2351"]
[PlyCount "114"]
[EventDate "2005.??.??"]
[EventType "team"]
[EventRounds "3"]
[EventCategory "1"]
[WhiteTeam "Schweiz"]
[BlackTeam "Baden"]

1. d4 d5 2. Nf3 Nf6 3. c4 c6 4. Qc2 e6 5. g3 Nbd7 6. Bg2 Be7 7. O-O O-O 8. b3
b5 9. Nbd2 bxc4 10. bxc4 Ba6 11. Re1 Bb4 12. Rb1 Rb8 13. Qa4 Bxd2 14. Rxb8 Qxb8
15. Nxd2 Qc8 16. Ba3 Re8 17. cxd5 exd5 18. e3 Nb6 19. Qa5 Nc4 20. Nxc4 Bxc4 21.
Bc5 a6 22. Rb1 Qf5 23. Rb2 h5 24. h4 Ne4 25. Ba7 Nf6 26. Bb8 Qd3 27. Qe1 Qxd4
28. Qb1 Qc3 29. Bf4 Bb5 30. Bf3 d4 31. Rc2 Qd3 32. Be2 Qe4 33. Bxb5 cxb5 34.
exd4 Qxd4 35. Be3 Qe4 36. Rc1 Nd5 37. Qxe4 Rxe4 38. Rc8+ Kh7 39. Ba7 Ra4 40.
Rc5 Nf6 41. Rc2 Rc4 42. Re2 Ne4 43. Be3 a5 44. Bb6 a4 45. Rb2 Nd6 46. Be3 Rc6
47. Bf4 Kg6 48. Kg2 Rb6 49. Bxd6 Rxd6 50. Rxb5 Rd2 51. a3 Rd3 52. Rg5+ Kh6 53.
Rf5 Kg6 54. Rg5+ Kh6 55. Rf5 f6 56. Rf3 Rb3 57. Re3 Kg6 1/2-1/2

[Event "Bodensee-Cup"]
[Site "Kreuzlingen"]
[Date "2005.04.30"]
[Round "2.8"]
[White "Zuse, Klaus-Peter"]
[Black "Carron, Julien"]
[Result "0-1"]
[WhiteElo "2311"]
[BlackElo "2281"]
[PlyCount "113"]
[EventDate "2005.??.??"]
[EventType "team"]
[EventRounds "3"]
[EventCategory "1"]
[WhiteTeam "Baden"]
[BlackTeam "Schweiz"]

1. e4 c5 2. Nf3 Nc6 3. d4 cxd4 4. Nxd4 e5 5. Nb5 d6 6. Bc4 Be7 7. O-O a6 8.
N5c3 Nf6 9. Bb3 O-O 10. Qd3 Be6 11. Bxe6 fxe6 12. Bg5 Qe8 13. Ne2 Qh5 14. Bxf6
Rxf6 15. Ng3 Qf7 16. Nd2 Rf8 17. f3 Rh6 18. Rfd1 Qf4 19. Ndf1 Kh8 20. a4 g5 21.
Ra3 d5 22. Ne2 Qf7 23. Raa1 Bc5+ 24. Kh1 Rd8 25. c3 Rh4 26. exd5 exd5 27. b4
Bb6 28. a5 Bc7 29. Qe3 h6 30. g3 d4 31. cxd4 exd4 32. Qa3 Rh5 33. g4 Rh4 34.
Neg3 Qd5 35. Kg2 Rxg4 36. Ne3 Rxg3+ 37. hxg3 Qe5 38. Nf1 Qe2+ 39. Kh3 d3 40.
Nh2 Qe6+ 41. Kg2 Qe5 42. Kh1 Qxg3 43. Rd2 Qf4 44. Rad1 Be5 45. b5 axb5 46. a6
bxa6 47. Qxa6 Qc4 48. Ng4 Bg7 49. Kg2 Rd6 50. Qc8+ Nd8 51. Qf5 Ne6 52. Ne5 Nf4+
53. Kh2 Rd5 54. Nxc4 Rxf5 55. Ne3 Rc5 56. Ng2 Bc3 57. Ra2 0-1

[Event "Bodensee-Cup"]
[Site "Kreuzlingen"]
[Date "2005.04.30"]
[Round "2.9"]
[White "Huss, Andreas"]
[Black "Schneider, Bernd"]
[Result "1-0"]
[WhiteElo "2308"]
[BlackElo "2308"]
[PlyCount "87"]
[EventDate "2005.??.??"]
[EventType "team"]
[EventRounds "3"]
[EventCategory "1"]
[WhiteTeam "Schweiz"]
[BlackTeam "Baden"]

1. d4 Nf6 2. c4 c5 3. d5 b5 4. cxb5 a6 5. bxa6 Bxa6 6. Nc3 d6 7. Nf3 g6 8. e4
Bxf1 9. Kxf1 Bg7 10. g3 O-O 11. Kg2 Nbd7 12. Re1 Ng4 13. Bf4 Qa5 14. h3 Nge5
15. Nxe5 Nxe5 16. Qe2 Rfb8 17. Rac1 Qb4 18. b3 Rb7 19. Rc2 Rba7 20. Bxe5 Bxe5
21. Na4 Qb7 22. Qc4 Rb8 23. Re3 Qd7 24. Nc3 Rb4 25. Qe2 Ra5 26. Nb1 Qb7 27. Nd2
Bd4 28. Rd3 Ra8 29. Nc4 Rb5 30. h4 Rf8 31. h5 Kg7 32. g4 Qa6 33. hxg6 hxg6 34.
Rh3 Rbb8 35. Rc1 Rh8 36. Rch1 Rxh3 37. Rxh3 Re8 38. Qd2 Kg8 39. Qh6 Bg7 40.
Qh7+ Kf8 41. Rf3 Qxa2 42. Qxg6 f6 43. Ne3 e6 44. g5 1-0

[Event "Bodensee-Cup"]
[Site "Kreuzlingen"]
[Date "2005.04.30"]
[Round "2.10"]
[White "Reefschläger, Helmut"]
[Black "Allemann, Anton"]
[Result "1-0"]
[WhiteElo "2303"]
[BlackElo "2269"]
[PlyCount "49"]
[EventDate "2005.??.??"]
[EventType "team"]
[EventRounds "3"]
[EventCategory "1"]
[WhiteTeam "Baden"]
[BlackTeam "Schweiz"]

1. d4 Nf6 2. g3 g6 3. Bg2 d6 4. Nf3 Bg7 5. O-O O-O 6. c4 c6 7. Nc3 a6 8. e4
Nfd7 9. a4 a5 10. Be3 Na6 11. Qd2 e5 12. Rad1 Re8 13. h3 exd4 14. Bxd4 Ndc5 15.
Bxg7 Kxg7 16. Qf4 Qb6 17. Rxd6 Be6 18. Ng5 Bxc4 19. Nd5 Bxd5 20. exd5 Qc7 21.
Qf6+ Kg8 22. dxc6 bxc6 23. Bxc6 Red8 24. Nxf7 Qxf7 25. Rxd8+ 1-0

[Event "Bodensee-Cup"]
[Site "Kreuzlingen"]
[Date "2005.04.30"]
[Round "2.11"]
[White "Antognini, Francesco"]
[Black "Eisenbeiser, Amadeus"]
[Result "1-0"]
[WhiteElo "2200"]
[BlackElo "2304"]
[PlyCount "71"]
[EventDate "2005.??.??"]
[EventType "team"]
[EventRounds "3"]
[EventCategory "1"]
[WhiteTeam "Schweiz"]
[BlackTeam "Baden"]

1. e4 g6 2. d4 Bg7 3. Nf3 d6 4. Nc3 a6 5. Be2 Nd7 6. Bg5 h6 7. Be3 e6 8. O-O
Ne7 9. Qd2 b5 10. a3 Bb7 11. Rad1 Nf6 12. Qd3 O-O 13. Nd2 Rc8 14. Nb3 Nd7 15.
f4 f5 16. Bf3 Nf6 17. Bf2 fxe4 18. Nxe4 Nfd5 19. g3 Qe8 20. Rde1 Qf7 21. Nbd2
Ba8 22. b3 Nf5 23. c4 bxc4 24. bxc4 Nb6 25. g4 Ne7 26. Bg3 Bxe4 27. Bxe4 d5 28.
cxd5 exd5 29. Bg2 Qf6 30. Nf3 Nc6 31. Ne5 Nxe5 32. dxe5 Qc6 33. f5 gxf5 34.
gxf5 Qb5 35. Qd1 Rfe8 36. f6 1-0

[Event "Bodensee-Cup"]
[Site "Kreuzlingen"]
[Date "2005.04.30"]
[Round "2.12"]
[White "Gattenlöhner, Sebastian"]
[Black "Rodic, Donjan"]
[Result "1-0"]
[WhiteElo "2229"]
[BlackElo "2137"]
[PlyCount "103"]
[EventDate "2005.??.??"]
[EventType "team"]
[EventRounds "3"]
[EventCategory "1"]
[WhiteTeam "Baden"]
[BlackTeam "Schweiz"]

1. e4 c6 2. d4 d5 3. exd5 cxd5 4. c4 Nf6 5. Nc3 e6 6. Nf3 a6 7. cxd5 Nxd5 8.
Bd3 Nc6 9. O-O Be7 10. Re1 O-O 11. a3 b5 12. Nxd5 Qxd5 13. Be4 Qd7 14. Ne5 Nxe5
15. Bxa8 Nc4 16. b3 Nb6 17. Bf3 Rd8 18. Bb2 Bf6 19. Qe2 Nd5 20. g3 Bb7 21. h4
Ne7 22. Bxb7 Qxb7 23. Qe4 Qb6 24. Rad1 g6 25. Rd2 Nf5 26. Red1 Rd5 27. Rd3 h5
28. R1d2 Kg7 29. Qf4 Qd8 30. Qe4 a5 31. Rd1 Nd6 32. Qe1 Nf5 33. Kg2 Kh7 34. Qe4
Nd6 35. Qf4 Nf5 36. Qd2 Nd6 37. Bc3 a4 38. bxa4 bxa4 39. Qc2 Qa8 40. Kg1 Nb5
41. Bb2 Qa7 42. Qd2 Nd6 43. Rc1 g5 44. Qe2 gxh4 45. Rc5 Qb7 46. Bc1 h3 47. Qf3
Kg6 48. Rxd5 exd5 49. Qf4 Nf5 50. Rf3 Qb1 51. g4 Ng3 52. Qxf6+ 1-0

[Event "Bodensee-Cup"]
[Site "Kreuzlingen"]
[Date "2005.04.30"]
[Round "2.1"]
[White "Bönsch, Uwe"]
[Black "Zeller, Frank"]
[Result "1-0"]
[WhiteElo "2540"]
[BlackElo "2426"]
[PlyCount "89"]
[EventDate "2005.??.??"]
[EventType "team"]
[EventRounds "3"]
[EventCategory "1"]
[WhiteTeam "Bayern"]
[BlackTeam "Württemberg"]

1. d4 Nf6 2. c4 e6 3. Nf3 b6 4. g3 Ba6 5. Nbd2 c5 6. Bg2 Nc6 7. dxc5 Bxc5 8.
O-O O-O 9. a3 Be7 10. b4 Bb7 11. Bb2 a5 12. b5 Nb8 13. e4 d6 14. e5 dxe5 15.
Nxe5 Bxg2 16. Kxg2 Qc7 17. Re1 Nfd7 18. Qf3 Ra7 19. Nd3 Bf6 20. Bxf6 Nxf6 21.
Rac1 Nbd7 22. Nb3 a4 23. Nd4 Qd6 24. Nc6 Raa8 25. Rc3 Rfe8 26. Rd1 Qf8 27. Ndb4
Nc5 28. Re3 Nfd7 29. Re2 Nf6 30. Qf4 Rac8 31. f3 Nb3 32. Qd6 g5 33. Qe5 Qg7 34.
Nd3 g4 35. f4 Qg6 36. Qe3 Nd7 37. Nde5 Nxe5 38. Nxe5 Qf5 39. Qxb6 Rc5 40. Rd8
Rxd8 41. Qxd8+ Kg7 42. Qg5+ Qxg5 43. fxg5 Nd4 44. Re4 Nf5 45. b6 1-0

[Event "Bodensee-Cup"]
[Site "Kreuzlingen"]
[Date "2005.04.30"]
[Round "2.2"]
[White "Schmittdiel, Eckhard"]
[Black "Prusikin, Michael"]
[Result "1/2-1/2"]
[WhiteElo "2454"]
[BlackElo "2540"]
[PlyCount "23"]
[EventDate "2005.??.??"]
[EventType "team"]
[EventRounds "3"]
[EventCategory "1"]
[WhiteTeam "Württemberg"]
[BlackTeam "Bayern"]

1. e4 c5 2. Nf3 e6 3. c4 Nc6 4. Nc3 e5 5. g3 d6 6. Bg2 g6 7. O-O Bg7 8. a3 Nge7
9. d3 O-O 10. Rb1 h6 11. b4 b6 12. Nd5 1/2-1/2

[Event "Bodensee-Cup"]
[Site "Kreuzlingen"]
[Date "2005.04.30"]
[Round "2.3"]
[White "Hertneck, Gerald"]
[Black "Heidenfeld, Mark"]
[Result "1/2-1/2"]
[WhiteElo "2547"]
[BlackElo "2344"]
[PlyCount "123"]
[EventDate "2005.??.??"]
[EventType "team"]
[EventRounds "3"]
[EventCategory "1"]
[WhiteTeam "Bayern"]
[BlackTeam "Württemberg"]

1. b3 e5 2. Bb2 Nc6 3. e3 Nf6 4. Bb5 d6 5. Ne2 a6 6. Bxc6+ bxc6 7. O-O Be7 8.
f4 e4 9. c4 h5 10. Nbc3 h4 11. Qc2 Bf5 12. Nd4 Qd7 13. Nxf5 Qxf5 14. Ne2 c5 15.
Rad1 Rh6 16. Bxf6 Bxf6 17. d3 exd3 18. Qxd3 Qxd3 19. Rxd3 a5 20. a4 Rb8 21. Kf2
g6 22. Ng1 Bg7 23. Nf3 f5 24. Re1 Kd7 25. e4 fxe4 26. Rxe4 Re8 27. Rxe8 Kxe8
28. Ng5 Kd7 29. Kf3 Rh5 30. Kg4 Bf6 31. Rh3 c6 32. Rd3 Bd4 33. Rd2 d5 34. Rd3
Ke7 35. Rd1 Rh8 36. cxd5 cxd5 37. Nf3 Rb8 38. Nxd4 cxd4 39. Rxd4 Kd6 40. Rd3
Rf8 41. h3 Kc5 42. Kxh4 Rxf4+ 43. Kg5 Rd4 44. Rg3 Re4 45. Kxg6 d4 46. Kf5 Re3
47. Rg8 Kb4 48. h4 d3 49. h5 d2 50. Rd8 Kc3 51. Rxd2 Kxd2 52. h6 Rxb3 53. h7
Rb8 54. g4 Rh8 55. Kg6 Ke3 56. Kg7 Rxh7+ 57. Kxh7 Kf4 58. Kh6 Kxg4 59. Kg6 Kf4
60. Kf6 Ke4 61. Ke6 Kd4 62. Kf5 1/2-1/2

[Event "Bodensee-Cup"]
[Site "Kreuzlingen"]
[Date "2005.04.30"]
[Round "2.4"]
[White "Gheng, Josef"]
[Black "Hecht, Hans-Joachim"]
[Result "0-1"]
[WhiteElo "2339"]
[BlackElo "2384"]
[PlyCount "106"]
[EventDate "2005.??.??"]
[EventType "team"]
[EventRounds "3"]
[EventCategory "1"]
[WhiteTeam "Württemberg"]
[BlackTeam "Bayern"]

1. c4 Nf6 2. g3 e6 3. Bg2 d5 4. Nf3 Nc6 5. O-O Be7 6. d4 dxc4 7. Qa4 Nd7 8.
Qxc4 Nb6 9. Qd3 e5 10. Nxe5 Nxe5 11. dxe5 Qxd3 12. exd3 O-O 13. d4 Rd8 14. Be3
c6 15. Nc3 Be6 16. Rac1 Rd7 17. b3 Kf8 18. Be4 h6 19. f4 f5 20. Bb1 Ba3 21. Rc2
g6 22. h3 Kf7 23. g4 Bb4 24. Ne2 Nd5 25. Bc1 h5 26. gxh5 gxh5 27. Kh2 Be7 28.
Ng1 a5 29. Nf3 Rg8 30. a3 Rdd8 31. Bd2 Ra8 32. Ng5+ Bxg5 33. fxg5 Kg6 34. Rc5
a4 35. b4 Ne7 36. b5 Bd5 37. bxc6 bxc6 38. h4 Rab8 39. Bb4 Rxb4 40. axb4 Rb8
41. Ra5 Rxb4 42. Ra7 Rb2+ 43. Kg3 Rg2+ 44. Kf4 Bc4 45. Rc1 Rg4+ 46. Kf3 Bd5+
47. Ke3 Rg3+ 48. Kd2 Rg2+ 49. Kc3 Rg3+ 50. Kb4 Rb3+ 51. Kxa4 Nc8 52. Ra6 Nb6+
53. Ka5 Rb5# 0-1

[Event "Bodensee-Cup"]
[Site "Kreuzlingen"]
[Date "2005.04.30"]
[Round "2.5"]
[White "Renner, Christoph"]
[Black "Lorscheid, Gerhard"]
[Result "1/2-1/2"]
[WhiteElo "2415"]
[BlackElo "2284"]
[PlyCount "87"]
[EventDate "2005.??.??"]
[EventType "team"]
[EventRounds "3"]
[EventCategory "1"]
[WhiteTeam "Bayern"]
[BlackTeam "Württemberg"]

1. e4 d6 2. d4 Nf6 3. Nc3 e5 4. Nge2 Be7 5. h3 O-O 6. Be3 exd4 7. Qxd4 c5 8.
Qd2 Nc6 9. Ng3 a6 10. a4 Be6 11. Rd1 Qa5 12. Be2 Rfd8 13. Nd5 Qxd2+ 14. Rxd2
Bxd5 15. exd5 Nb4 16. Bf3 c4 17. O-O Rdc8 18. Nf5 Bf8 19. Bd4 Nd7 20. Ne3 g6
21. Be2 Bh6 22. f4 Nc5 23. Bxc5 Rxc5 24. c3 Nd3 25. Bxd3 cxd3 26. Rxd3 b5 27.
Ng4 Bg7 28. axb5 axb5 29. f5 h5 30. Nf2 Be5 31. fxg6 fxg6 32. Ne4 Rc7 33. Ng5
Ra2 34. Ne6 Rf7 35. Rxf7 Kxf7 36. b4 Rc2 37. Ng5+ Kf6 38. h4 Kf5 39. Rf3+ Kg4
40. Ne4 Kxh4 41. Rf2 Rc1+ 42. Rf1 Rc2 43. Rf2 Rc1+ 44. Rf1 1/2-1/2

[Event "Bodensee-Cup"]
[Site "Kreuzlingen"]
[Date "2005.04.30"]
[Round "2.6"]
[White "Bräuning, Rudolf Wilhelm"]
[Black "Heinzel, Olaf"]
[Result "1/2-1/2"]
[WhiteElo "2297"]
[BlackElo "2413"]
[PlyCount "125"]
[EventDate "2005.??.??"]
[EventType "team"]
[EventRounds "3"]
[EventCategory "1"]
[WhiteTeam "Württemberg"]
[BlackTeam "Bayern"]

1. e4 d5 2. exd5 Qxd5 3. Nc3 Qd6 4. d4 Nf6 5. Bg5 a6 6. Qd2 b5 7. Bf4 Qb6 8.
Nf3 Bb7 9. Be2 e6 10. O-O Nbd7 11. a4 b4 12. Nd1 Nd5 13. Bg3 c5 14. Ne3 Nxe3
15. fxe3 Be7 16. c4 O-O 17. d5 exd5 18. cxd5 Bd6 19. a5 Qc7 20. Bxd6 Qxd6 21.
e4 Rfe8 22. Qc2 b3 23. Qc4 Rab8 24. Ra3 Bc8 25. Rxb3 Rxb3 26. Qxb3 Rxe4 27. Ng5
Rf4 28. Qe3 Rxf1+ 29. Bxf1 Ne5 30. Ne4 Qxd5 31. Qxc5 Qxc5+ 32. Nxc5 Nc6 33.
Bxa6 Bxa6 34. Nxa6 Nxa5 35. b4 Nc4 36. Kf2 Kf8 37. Ke2 Ke7 38. Kd3 Ne5+ 39. Ke4
Kd6 40. Nc5 Nc6 41. Nd3 Nd8 42. Ne5 f6 43. Nf3 Nc6 44. b5 Nd8 45. Kd4 Ne6+ 46.
Kc4 Nf4 47. g3 Nd5 48. Kd4 Nc7 49. b6 Ne6+ 50. Kc4 Kc6 51. Nd4+ Nxd4 52. Kxd4
Kxb6 53. Kd5 f5 54. Ke5 g6 55. h4 Kc5 56. h5 gxh5 57. Kxf5 Kd5 58. Kg5 Ke4 59.
Kxh5 h6 60. g4 Kf4 61. Kh4 Kf3 62. g5 hxg5+ 63. Kxg5 1/2-1/2

[Event "Bodensee-Cup"]
[Site "Kreuzlingen"]
[Date "2005.04.30"]
[Round "2.7"]
[White "Klundt, Klaus"]
[Black "Bauer, Peter"]
[Result "1-0"]
[WhiteElo "2392"]
[BlackElo "2271"]
[PlyCount "103"]
[EventDate "2005.??.??"]
[EventType "team"]
[EventRounds "3"]
[EventCategory "1"]
[WhiteTeam "Bayern"]
[BlackTeam "Württemberg"]

1. e4 c5 2. Nf3 d6 3. Bb5+ Bd7 4. a4 e5 5. O-O Nf6 6. Re1 Be7 7. c3 Nc6 8. d4
O-O 9. dxe5 dxe5 10. Nbd2 Qc7 11. Nf1 a6 12. Bc4 Rad8 13. Ne3 Be6 14. Qc2 Bxc4
15. Nxc4 b5 16. Ne3 c4 17. axb5 axb5 18. Nf5 Rd3 19. Bg5 Bd8 20. Ra6 Re8 21.
Qe2 g6 22. Bxf6 Bxf6 23. Ne3 Qb7 24. Rea1 Rd6 25. R6a2 Bg7 26. h4 h6 27. h5 Nd4
28. cxd4 exd4 29. hxg6 Rxg6 30. Nh4 Qxe4 31. Nxg6 fxg6 32. Re1 dxe3 33. Qxe3
Qxe3 34. Rxe3 Rxe3 35. fxe3 g5 36. g4 b4 37. Ra8+ Kf7 38. Ra7+ Kg6 39. Rc7 Bxb2
40. Rxc4 Bc3 41. Rc6+ Kf7 42. Kf2 Ke7 43. Ke2 Be5 44. Rxh6 Bf6 45. Rh7+ Kd6 46.
Rb7 Kc5 47. Kd3 Be5 48. e4 Bd6 49. Rf7 Bf4 50. Rf5+ Kc6 51. Kc4 Bd2 52. Rd5 1-0

[Event "Bodensee-Cup"]
[Site "Kreuzlingen"]
[Date "2005.04.30"]
[Round "2.8"]
[White "Knödler, Dieter"]
[Black "Meister, Peter"]
[Result "1-0"]
[WhiteElo "2345"]
[BlackElo "2392"]
[PlyCount "85"]
[EventDate "2005.??.??"]
[EventType "team"]
[EventRounds "3"]
[EventCategory "1"]
[WhiteTeam "Württemberg"]
[BlackTeam "Bayern"]

1. c4 e6 2. g3 d5 3. Nf3 Nf6 4. Bg2 Be7 5. O-O O-O 6. b3 a5 7. Nc3 d4 8. Nb5
Nc6 9. e3 e5 10. exd4 e4 11. Ng5 Bg4 12. f3 Nxd4 13. fxg4 Nxb5 14. Bb2 Bc5+ 15.
Kh1 Bd4 16. Bxd4 Nxd4 17. Nxe4 Nxe4 18. Bxe4 c6 19. d3 g6 20. Qd2 Ne6 21. Rf2
Qd4 22. Raf1 Kg7 23. Rf6 a4 24. b4 Rad8 25. Qc1 Qe5 26. a3 Rd4 27. Qe3 Ng5 28.
R6f5 gxf5 29. Rxf5 Qxe4+ 30. dxe4 Ne6 31. Rh5 Rd1+ 32. Kg2 Rfd8 33. Qh6+ Kg8
34. Qxh7+ Kf8 35. Rf5 R1d2+ 36. Kh3 R8d7 37. Qh8+ Ke7 38. Qf6+ Ke8 39. Rh5 Re7
40. g5 Kd7 41. Rh7 Rf2 42. Qxf2 Nxg5+ 43. Kg2 1-0

[Event "Bodensee-Cup"]
[Site "Kreuzlingen"]
[Date "2005.04.30"]
[Round "2.9"]
[White "Blaskowski, Johannes"]
[Black "Ortmann, David"]
[Result "1-0"]
[WhiteElo "2385"]
[BlackElo "2311"]
[PlyCount "89"]
[EventDate "2005.??.??"]
[EventType "team"]
[EventRounds "3"]
[EventCategory "1"]
[WhiteTeam "Bayern"]
[BlackTeam "Württemberg"]

1. e4 e6 2. d4 d5 3. Nc3 Bb4 4. e5 c5 5. Bd2 Ne7 6. Qg4 O-O 7. dxc5 Nbc6 8. Nf3
f5 9. Qg3 Ng6 10. Bd3 Bxc5 11. O-O-O Nb4 12. Kb1 Nxd3 13. cxd3 f4 14. Qg4 Bxf2
15. g3 Qe7 16. Rhf1 Bb6 17. gxf4 Qf7 18. Nb5 Qd7 19. Nd6 Bc5 20. Ng5 Bxd6 21.
Qh5 h6 22. Qxg6 hxg5 23. exd6 Qxd6 24. fxg5 Bd7 25. Qh5 Qe5 26. Qh3 Rxf1 27.
Rxf1 Rf8 28. Rxf8+ Kxf8 29. Qf3+ Qf5 30. Qxf5+ exf5 31. Kc2 Ke7 32. Kc3 Ke6 33.
Kd4 g6 34. Bf4 Bb5 35. b3 Bc6 36. a4 Be8 37. Kc5 b6+ 38. Kb4 Kd7 39. Kb5 Bf7
40. d4 Be8 41. Ka6 Kc6 42. Kxa7 Bd7 43. b4 b5 44. a5 Be6 45. Kb8 1-0